[Event "Liechtenstein Seniors op 07th"]
[Site "Triesen"]
[Date "2007.05.16"]
[Round "6"]
[White "Buechele, Walter"]
[Black "Karl, Hans"]
[Result "0-1"]
[WhiteElo "2041"]
[BlackElo "2262"]
[PlyCount "114"]
[EventDate "2007.05.11"]
[EventType "swiss"]
[EventRounds "9"]
[EventCountry "LIE"]
[SourceTitle "EXT 2010"]
[Source "ChessBase"]
[SourceDate "2010.11.25"]
[SourceVersion "1"]
[SourceVersionDate "2010.11.25"]
[SourceQuality "1"]

1. d4 Nf6 2. c4 g6 3. Nf3 Bg7 4. Nc3 0-0 5. g3 d5 6. cxd5 Nxd5 7. Bg2 Nxc3 8. bxc3 c5 9. 0-0 Nc6 10. Bb2 Qc7 11. Rc1 Rd8 12. Qc2 Be6 13. Ba1 Na5 14. Rfe1 Rac8 15. Ng5 Bc4 16. e3 Ba6 17. Qb1 Nc4 18. f4 e6 19. Nf3 b6 20. e4 Nd6 21. Bh3 Rb8 22. Ng5 Re8 23. Qc2 h6 24. Nf3 cxd4 25. cxd4 Qxc2 26. Rxc2 Bd3 27. Rc7 Bxe4 28. Ne5 Rb7 29. Rec1 Rxc7 30. Rxc7 Rc8 31. Rxc8+ Nxc8 32. Kf2 Nd6 33. Ke3 Bd5 34. a3 Nc4+ 35. Nxc4 Bxc4 36. Bg2 Kf8 37. Bc6 Ke7 38. Bc3 a5 39. a4 f5 40. Bb2 Kd6 41. Be8 g5 42. Ba3+ Kd5 43. Bb2 g4 44. Bc3 Bf8 45. Bb2 Bb4 46. Ba1 Ba6 47. Bd7 Bb7 48. Kd3 Bc6 49. Bxc6+ Kxc6 50. Bb2 b5 51. axb5+ Kxb5 52. d5 exd5 53. Kd4 Kc6 54. Ke5 Kc5 55. Kxf5 Kc4 56. Kxg4 a4 57. Kf3 a3 0-1

[Event "Liechtenstein Seniors op 03rd"]
[Site "Triesen"]
[Date "2003.05.25"]
[Round "3"]
[White "Buechele, Walter"]
[Black "Kock, Hans Uwe"]
[Result "0-1"]
[WhiteElo "1785"]
[BlackElo "2089"]
[PlyCount "94"]
[EventDate "2003.05.??"]
[EventType "swiss"]
[EventRounds "9"]
[EventCountry "LIE"]
[SourceTitle "EXT 2006"]
[Source "ChessBase"]
[SourceDate "2005.11.24"]
[SourceVersion "1"]
[SourceVersionDate "2005.11.24"]
[SourceQuality "1"]

1. d4 Nf6 2. c4 g6 3. Nc3 Bg7 4. g3 0-0 5. Bg2 d6 6. e4 c6 7. Nge2 e5 8. 0-0 Nbd7 9. Rb1 Nh5 10. Kh1 f5 11. f4 Qe8 12. Be3 Ndf6 13. dxe5 dxe5 14. fxe5 Qxe5 15. Bd4 Qc7 16. c5 Be6 17. exf5 Bxf5 18. Qb3+ Kh8 19. Rbd1 Rae8 20. Qa4 a6 21. Nf4 Nxf4 22. Rxf4 Nh5 23. Bxg7+ Nxg7 24. Rfd4 Re3 25. Rd6 Qe7 26. Qd4 Re1+ 27. Rxe1 Qxe1+ 28. Qg1 Re8 29. Rd1 Qe5 30. Qf2 h5 31. h3 Kh7 32. g4 hxg4 33. Qh4+ Kg8 34. hxg4 Qf4 35. Qf6 Qxg4 36. Rd8 Rxd8 37. Qxd8+ Kh7 38. Qe7 Kh6 39. Qd8 Ne6 40. Qh8+ Kg5 41. Qe5 Qh4+ 42. Kg1 Qd4+ 43. Qxd4 Nxd4 44. Kf2 Kf4 45. a3 g5 46. Ne2+ Nxe2 47. Kxe2 Kg3 0-1